[Event "DVM U14 2014"]
[Site "Regensburg GER"]
[Date "2014.12.28"]
[Round "3"]
[White "Färber, David"]
[Black "Qiu, Oliver"]
[Result "1-0"]
[Termination "normal"]
[Board "8.1"]
[WhiteElo "1770"]
[BlackElo "1405"]
[WhiteTeam "SV 1947 Walldorf"]
[BlackTeam "Gütersloher SV"]
[PlyCount "171"]
[WhiteFideId "12971294"]
[BlackFideId "16200713"]
[EventCountry "GER"]
[EventRounds "7"]
[EventType "team-swiss"]
[EventDate "2014.12.26"]

1. e4 {[%emt 0:00:00]} c5 2. Nf3 Nc6 3. Bb5 d6 4. O-O a6 5. Bxc6+ bxc6 6. Re1
e5 7. c3 Bg4 8. d3 Be7 9. Be3 Nf6 10. h3 Bxf3 11. Qxf3 O-O 12. Nd2 Rb8 13. b3
Qa5 14. Nc4 Qc7 15. Qg3 Kh8 16. Rad1 Rfd8 17. Bc1 h6 18. Bb2 Nh5 19. Qf3 Nf4
20. d4 cxd4 21. cxd4 Bf6 $11 22. Kh2 Re8 23. g3 Ng6 24. Nxd6 Qxd6 25. dxe5 Nxe5
26. Qh5 Qe6 27. f4 Nf3+ 28. Qxf3 Bxb2 29. e5 g6 30. g4 f5 31. exf6 Qxf6 32. Qf2
Be5 33. Rf1 g5 34. fxe5 Qxe5+ 35. Kh1 Qe4+ 36. Qf3 Qxf3+ 37. Rxf3 Kg7 38. Rd7+
Kg8 39. Rd6 Re1+ 40. Kg2 Rbe8 41. Rxc6 R1e2+ 42. Rf2 R2e6 43. Rf6 Re2+ 44. Rf2
R2e6 45. Rc3 Kg7 46. Rc7+ Kg6 47. Ra7 Rd8 48. Kg3 h5 49. gxh5+ Kxh5 50. Rf3 Rd2
51. Rf2 Rd3+ 52. Kg2 Rdd6 53. Rh7+ Rh6 54. Rxh6+ Rxh6 55. Rf5 Kh4 56. Ra5 Rd6
57. Ra4+ Kh5 58. Kg3 Rd3+ 59. Kf2 Rd6 60. Ke2 Rc6 61. Rc4 Rd6 62. a4 Re6+ 63.
Kf2 Rd6 64. Ke2 Re6+ 65. Kf3 Rd6 66. b4 Rb6 67. Kg3 Rd6 68. b5 axb5 69. axb5
Rb6 70. Rc5 Rd6 71. Rc3 Rb6 72. Rc5 Rd6 73. Rc3 Rb6 74. Rb3 Rb8 75. b6 Rb7 76.
Rb4 Kg6 77. Rb5 Kh7 78. Kg4 Kh6 79. Kf5 Kh5 80. Ke6 Kh4 81. Rb3 Rxb6+ 82. Rxb6
Kxh3 83. Rb3+ Kg4 84. Ke5 Kh5 85. Kf5 Kh4 86. Rb4+ 1-0

[Event "DVM U14 2014"]
[Site "Regensburg GER"]
[Date "2014.12.28"]
[Round "3"]
[White "Kandler, Philipp"]
[Black "Hartmann, Cora"]
[Result "1/2-1/2"]
[Termination "normal"]
[Board "8.2"]
[WhiteElo "1353"]
[BlackElo "1484"]
[WhiteTeam "Gütersloher SV"]
[BlackTeam "SV 1947 Walldorf"]
[PlyCount "47"]
[WhiteFideId "16200772"]
[BlackFideId "16200764"]
[EventCountry "GER"]
[EventRounds "7"]
[EventType "team-swiss"]
[EventDate "2014.12.26"]

1. e4 e5 2. Nf3 Nc6 3. Bb5 a6 4. Ba4 Nf6 5. Nc3 d6 6. h3 Be7 7. d3 O-O 8. Be3
Be6 9. O-O Qd7 10. Ne2 Nh5 11. Ng3 Nxg3 12. fxg3 f5 13. exf5 Rxf5 14. g4 Rf7
15. Ng5 Bxg5 16. Bxg5 Raf8 17. Rxf7 Qxf7 18. Bb3 Qf2+ 19. Kh1 Bxb3 20. axb3 Nd4
21. c3 Nf3 22. Be7 Rf7 23. Bd8 Qxb2 24. gxf3 1/2-1/2

[Event "DVM U14 2014"]
[Site "Regensburg GER"]
[Date "2014.12.28"]
[Round "3"]
[White "Brede, Robert"]
[Black "Fortenbacher, Dominic"]
[Result "1-0"]
[Termination "normal"]
[Board "8.3"]
[WhiteElo "1294"]
[BlackElo "1484"]
[WhiteTeam "SV 1947 Walldorf"]
[BlackTeam "Gütersloher SV"]
[PlyCount "83"]
[WhiteFideId "12971405"]
[BlackFideId "16200780"]
[EventCountry "GER"]
[EventRounds "7"]
[EventType "team-swiss"]
[EventDate "2014.12.26"]

1. c4 {[%emt 0:00:00]} e5 2. Nc3 Nc6 3. g3 d6 4. Bg2 Be6 5. d3 Nf6 6. Nf3 Qc8
7. Ng5 Be7 8. O-O O-O 9. Nxe6 fxe6 10. Rb1 Qe8 11. b4 Rb8 12. Nb5 a6 13. Nc3
Qh5 14. e3 Qxd1 15. Rxd1 Kh8 16. b5 axb5 17. Nxb5 Ne8 18. Rd2 Nd8 19. a4 d5 20.
Bb2 d4 21. exd4 c6 22. Na3 exd4 23. Re2 Ra8 24. Nc2 Rxa4 25. Nxd4 Bf6 26. Nxe6
Nxe6 27. Rxe6 Bxb2 28. Rxb2 Ra1+ 29. Bf1 Nf6 30. h3 Nh5 31. Re3 Ra7 32. Be2 Nf6
33. Re7 Re8 34. Rc7 Ra1+ 35. Kg2 Re1 36. Bf3 Rd8 37. Rbxb7 Ne8 38. Rd7 Rc8 39.
c5 Re6 40. Rf7 Kg8 41. Bg4 Rc7 42. Bxe6 1-0

[Event "DVM U14 2014"]
[Site "Regensburg GER"]
[Date "2014.12.28"]
[Round "3"]
[White "Neumann, Theodor"]
[Black "Zwecker, Conrad"]
[Result "1-0"]
[Termination "normal"]
[Board "8.4"]
[WhiteElo "1352"]
[BlackElo "1271"]
[WhiteTeam "Gütersloher SV"]
[BlackTeam "SV 1947 Walldorf"]
[PlyCount "45"]
[WhiteFideId "16200799"]
[BlackFideId "12971391"]
[EventCountry "GER"]
[EventRounds "7"]
[EventType "team-swiss"]
[EventDate "2014.12.26"]

1. e4 e5 2. Nf3 Nc6 3. Bc4 Bc5 4. d3 d6 5. Nc3 Bg4 6. h3 Bxf3 7. Qxf3 Nf6 8.
Bb5 O-O 9. Bxc6 bxc6 10. O-O Rb8 11. Rb1 d5 12. Bg5 Be7 13. Bxf6 Bxf6 14. exd5
cxd5 15. Qxd5 Qe7 16. Rfe1 Rfd8 17. Qf3 Rd4 18. Nd5 Qd6 19. Nxf6+ Qxf6 20. Qe3
Re8 21. c3 Rd5 22. c4 Rd4 23. Qxd4 1-0

[Event "DVM U14 2014"]
[Site "Regensburg GER"]
[Date "2014.12.28"]
[Round "3"]
[White "Dalchow, Jonas"]
[Black "Stirner, Christof"]
[Result "1/2-1/2"]
[Termination "normal"]
[Board "9.1"]
[WhiteElo "1429"]
[BlackElo "1404"]
[WhiteTeam "SC 1997 Lambsheim"]
[BlackTeam "SR Spaichingen"]
[PlyCount "100"]
[WhiteFideId "12971251"]
[BlackFideId "16200837"]
[EventCountry "GER"]
[EventRounds "7"]
[EventType "team-swiss"]
[EventDate "2014.12.26"]

1. e4 {[%emt 0:00:00]} d5 2. exd5 Nf6 3. d4 Nxd5 4. c4 Nb6 5. Nf3 Bg4 6. c5 Nd5
7. Qb3 Bc8 8. Bc4 c6 9. Nc3 e6 10. O-O Be7 11. Re1 O-O 12. Nxd5 exd5 13. Bd3
Qc7 14. Qc2 g6 15. h4 Bg4 16. Ne5 Bh5 17. g4 Bxg4 18. Nxg4 Bxh4 19. Qe2 Nd7 20.
Nh6+ Kh8 21. Qg4 Bf6 22. Bf4 Qc8 23. Bd6 Kg7 24. Bxf8+ Nxf8 25. Qf4 Ne6 26. Qh2
Bxd4 27. Ng4 Nxc5 28. Qf4 Bxb2 29. Red1 Nxd3 30. Rxd3 Bxa1 31. Rd1 Bc3 32. Rd3
Qf5 33. Qh6+ Kg8 34. Qh3 Bg7 35. Rf3 Qg5 36. Rg3 Re8 37. Ne3 Qe5 38. Qh4 d4 39.
Ng4 Qh5 40. Nf6+ Bxf6 41. Qxh5 Rd8 42. Qf3 Bg7 43. Qb3 Rd7 44. Rd3 b6 45. Qa4
Rc7 46. Kg2 c5 47. Qc4 h5 48. Qd5 Re7 49. Qd8+ Bf8 50. Kf1 Re6 1/2-1/2

[Event "DVM U14 2014"]
[Site "Regensburg GER"]
[Date "2014.12.28"]
[Round "3"]
[White "Klein, Sebastian"]
[Black "Mühlpfordt, Thomas"]
[Result "1/2-1/2"]
[Termination "normal"]
[Board "9.2"]
[WhiteElo "1303"]
[BlackElo "1504"]
[WhiteTeam "SR Spaichingen"]
[BlackTeam "SC 1997 Lambsheim"]
[PlyCount "56"]
[WhiteFideId "16200845"]
[BlackFideId "12986623"]
[EventCountry "GER"]
[EventRounds "7"]
[EventType "team-swiss"]
[EventDate "2014.12.26"]

1. c4 e5 2. Nc3 Nf6 3. g3 d5 4. cxd5 Nxd5 5. Bg2 Nb6 6. d3 Nc6 7. Nf3 Be7 8.
O-O O-O 9. Be3 Be6 10. Rc1 Bf6 11. a3 Kh8 12. Ne4 Be7 13. Bc5 Bd6 14. d4 Nxd4
15. Nxd4 exd4 16. Nxd6 cxd6 17. Bxd4 d5 18. e3 Nc4 19. e4 dxe4 20. Bxe4 Nd6 21.
Bc5 Nxe4 22. Bxf8 Qxf8 23. Qd3 Nc5 24. Qe3 Nd7 25. Rfd1 Rc8 26. Qxa7 b6 27. Qb7
Rb8 28. Qf3 Nc5 1/2-1/2

[Event "DVM U14 2014"]
[Site "Regensburg GER"]
[Date "2014.12.28"]
[Round "3"]
[White "Wacker, Andreas"]
[Black "Molitor, Marwin"]
[Result "1-0"]
[Termination "normal"]
[Board "9.3"]
[WhiteElo "1564"]
[BlackElo "1175"]
[WhiteTeam "SC 1997 Lambsheim"]
[BlackTeam "SR Spaichingen"]
[PlyCount "105"]
[WhiteFideId "12953083"]
[BlackFideId "16200853"]
[EventCountry "GER"]
[EventRounds "7"]
[EventType "team-swiss"]
[EventDate "2014.12.26"]

1. e4 {[%emt 0:00:00]} e5 2. Nf3 Nc6 3. Bc4 Bc5 4. d3 Nf6 5. Bg5 d6 6. h3 Be6
7. Bxe6 fxe6 8. Nc3 Qe7 9. a3 O-O-O 10. Ne2 Qf7 11. b4 Bb6 12. c3 Rde8 13. a4
a6 14. Qb3 h6 15. Bh4 Rhf8 16. a5 Ba7 17. b5 axb5 18. Qxb5 Qd7 19. a6 bxa6 20.
Rxa6 Kd8 21. Qxc6 Qxc6 22. Rxc6 Kd7 23. Ra6 Bb6 24. Kd2 Ra8 25. Rha1 Rxa6 26.
Rxa6 Rb8 27. Kc2 g5 28. Bg3 Nh5 29. Ra1 Nxg3 30. fxg3 Rf8 31. Rf1 Ke7 32. g4
Ra8 33. Kb2 Rb8 34. Rb1 Bc5+ 35. Kc2 Rxb1 36. Kxb1 d5 37. Nxe5 dxe4 38. dxe4
Bd6 39. Nf3 e5 40. Ng3 Kf6 41. Nf5 Kg6 42. Nxd6 cxd6 43. Kc2 Kf6 44. c4 Ke6 45.
Kc3 Kf6 46. Kb4 Ke6 47. Kb5 Kd7 48. Kb6 Ke7 49. Kc7 Ke6 50. Kd8 Kf6 51. Kd7 Kf7
52. Kxd6 Ke8 53. Nxe5 {Aufgabe} 1-0

[Event "DVM U14 2014"]
[Site "Regensburg GER"]
[Date "2014.12.28"]
[Round "3"]
[White "Zetto, Markus"]
[Black "Löffner, Miguel"]
[Result "1/2-1/2"]
[Termination "normal"]
[Board "9.4"]
[WhiteElo "1081"]
[BlackElo "1211"]
[WhiteTeam "SR Spaichingen"]
[BlackTeam "SC 1997 Lambsheim"]
[PlyCount "54"]
[WhiteFideId "16200861"]
[BlackFideId "12972436"]
[EventCountry "GER"]
[EventRounds "7"]
[EventType "team-swiss"]
[EventDate "2014.12.26"]

1. e4 e5 2. Nf3 Nc6 3. Bc4 d6 4. d3 h6 5. Nc3 Nf6 6. Be3 Be7 7. Qd2 Ng4 8. h3
Nxe3 9. fxe3 Na5 10. Bd5 c6 11. Bb3 Bh4+ 12. Nxh4 Qxh4+ 13. Qf2 Qxf2+ 14. Kxf2
Nxb3 15. axb3 O-O 16. Rhf1 Be6 17. g4 f6 18. Rg1 a6 19. Ke2 d5 20. exd5 cxd5
21. d4 Rac8 22. Kd3 e4+ 23. Ke2 f5 24. Ra5 fxg4 25. hxg4 g5 26. Rg2 Rfd8 27.
Rh2 Kg7 1/2-1/2

[Event "DVM U14 2014"]
[Site "Regensburg GER"]
[Date "2014.12.28"]
[Round "3"]
[White "Fuhrmann, Michel"]
[Black "Kühner, Tobias"]
[Result "1/2-1/2"]
[Termination "normal"]
[Board "10.1"]
[WhiteElo "1583"]
[BlackElo "1737"]
[WhiteTeam "Frankfurter TV 1860"]
[BlackTeam "SK Bickenbach"]
[PlyCount "59"]
[WhiteFideId "12963887"]
[BlackFideId "12973815"]
[EventCountry "GER"]
[EventRounds "7"]
[EventType "team-swiss"]
[EventDate "2014.12.26"]

1. e4 c5 2. Nf3 d6 3. d4 cxd4 4. Nxd4 Nf6 5. Nc3 a6 6. Be2 e5 7. Nb3 Be7 8. O-O
O-O 9. Be3 Nc6 10. f4 b5 11. a3 Bb7 12. Qe1 exf4 13. Bxf4 Ne5 14. Bxe5 dxe5 15.
Bf3 Qb6+ 16. Kh1 Rad8 17. Qg3 Qc7 18. Rad1 Qb8 19. Rfe1 b4 20. axb4 Bxb4 21.
Rd3 Bc6 22. Nd2 Ba5 23. Nc4 Bc7 24. Red1 Rd4 25. b3 Nxe4 26. Nxe4 Bxe4 27. Rxd4
Bxf3 28. Qxf3 exd4 29. h3 Be5 30. Qc6 1/2-1/2

[Event "DVM U14 2014"]
[Site "Regensburg GER"]
[Date "2014.12.28"]
[Round "3"]
[White "Riemann, Jonas"]
[Black "Walk, Maximilian"]
[Result "0-1"]
[Termination "normal"]
[Board "10.2"]
[WhiteElo "1434"]
[BlackElo "1413"]
[WhiteTeam "SK Bickenbach"]
[BlackTeam "Frankfurter TV 1860"]
[PlyCount "36"]
[WhiteFideId "12977462"]
[BlackFideId "16200810"]
[EventCountry "GER"]
[EventRounds "7"]
[EventType "team-swiss"]
[EventDate "2014.12.26"]

1. e4 {[%emt 0:00:00]} e5 2. Nf3 Nc6 3. Bc4 Nf6 4. Ng5 d5 5. exd5 Na5 6. Bb3
Nxb3 7. axb3 h6 8. Nf3 e4 9. Ne5 Bd6 10. Nc4 Bg4 11. f3 exf3 12. gxf3 Qe7+ 13.
Ne3 Bh5 14. O-O O-O 15. Nc3 Qe5 16. Qe2 Rae8 17. Qg2 Bc5 18. Rd1 Nxd5 { nicht
nachvollziehbar} 0-1

[Event "DVM U14 2014"]
[Site "Regensburg GER"]
[Date "2014.12.28"]
[Round "3"]
[White "Tessier, Leo"]
[Black "Bär, Leon David"]
[Result "1/2-1/2"]
[Termination "normal"]
[Board "10.3"]
[WhiteElo "1346"]
[BlackElo "1267"]
[WhiteTeam "Frankfurter TV 1860"]
[BlackTeam "SK Bickenbach"]
[PlyCount "34"]
[WhiteFideId "36034487"]
[BlackFideId "16200802"]
[EventCountry "GER"]
[EventRounds "7"]
[EventType "team-swiss"]
[EventDate "2014.12.26"]

1. e4 {[%emt 0:00:00]} e5 {[%emt 0:00:00]} 2. Nf3 Nc6 3. Bc4 Bc5 4. Nc3 d6 5.
d3 Nf6 6. Bg5 Be6 7. Bb3 O-O 8. O-O h6 9. Bh4 Nd4 10. h3 Re8 11. Kh1 Kh8 12.
Nxd4 Bxd4 13. f4 exf4 14. Rxf4 g5 15. Bxg5 hxg5 16. Rf1 Kg7 17. Qd2 Ng4 { nicht
nach vollziehbar} 1/2-1/2

[Event "DVM U14 2014"]
[Site "Regensburg GER"]
[Date "2014.12.28"]
[Round "3"]
[White "Nguyen, Truong Thinh"]
[Black "Tessier, Sarah"]
[Result "0-1"]
[Termination "normal"]
[Board "10.4"]
[WhiteElo "1163"]
[BlackElo "1104"]
[WhiteTeam "SK Bickenbach"]
[BlackTeam "Frankfurter TV 1860"]
[PlyCount "90"]
[WhiteFideId "12983977"]
[BlackFideId "36034495"]
[EventCountry "GER"]
[EventRounds "7"]
[EventType "team-swiss"]
[EventDate "2014.12.26"]

1. e4 c5 2. Nf3 Nc6 3. d4 cxd4 4. Nxd4 Nf6 5. Nc3 e5 6. Nf3 d6 7. Bc4 Bg4 8. h3
Bh5 9. Be3 Be7 10. a3 O-O 11. Be2 Qd7 12. Nh4 Bxe2 13. Qxe2 Nxe4 14. Nf3 d5 15.
Nxe4 dxe4 16. Nd2 f5 17. Qc4+ Kh8 18. Bc5 Bxc5 19. Qxc5 Rad8 20. O-O-O b6 21.
Qb5 Qd5 22. Qc4 b5 23. Qxd5 Rxd5 24. Nb3 Rfd8 25. Rd2 Na5 26. Rhd1 Nxb3+ 27.
cxb3 Rxd2 28. Rxd2 Rxd2 29. Kxd2 Kg8 30. a4 b4 31. f3 exf3 32. gxf3 Kf7 33. Ke3
g5 34. Kd3 h5 35. Ke3 Kf6 36. Kd3 g4 37. fxg4 fxg4 38. hxg4 hxg4 39. Ke3 Kg5
40. Kf2 Kh4 41. Kg2 e4 42. a5 e3 43. a6 e2 44. Kf2 Kh3 45. Kxe2 Kh2 0-1